000 00625nam a2200241Ia 4500
003 OSt
005 20221007071626.0
006 a|||||r|||| 00| 0
007 ta
008 221006b |||||||| |||| 00| 0 eng d
020 _a1853831514
024 _a18,698
037 _cTextual
040 _aFLL
_cFLL
_beng
041 _2eng
_aeng
082 _aZ1, N3
100 _aSands Philippe
_9464837
245 0 _aGreening international law
260 _aLondon
_bEarthscan Publications Ltd. England
_c1993
300 _a260p
_ccm.
942 _hZ1, N3
_cTEXL
_2CC
999 _c1143826
_d1143826